European Countries with Population Under 5 Million People - Statistics

General Stats
  • This quiz has been taken 188 times
  • The average score is 20 of 21
Answer Stats
Population Country % Correct
800 Vatican City
99%
78,000 Andorra
98%
570,000 Luxembourg
98%
425,000 Malta
98%
33,000 San Marino
98%
1,979,000 Latvia
97%
1,315,000 Estonia
96%
2,906,000 Lithuania
96%
37,000 Monaco
96%
1,867,000 Kosovo
95%
37,000 Liechtenstein
95%
2,071,000 Macedonia
95%
2,065,000 Slovenia
95%
331,000 Iceland
94%
620,000 Montenegro
93%
4,230,000 Croatia
92%
4,630,000 Ireland
92%
3,750,000 Bosnia
91%
3,564,000 Moldova
90%
2,887,000 Albania
89%
876,000 Cyprus
81%
No matching quizzes found
Score Distribution
Percent of People with Each Score
Percentile by Number Answered
Your Score History
You have not taken this quiz